Vila sasya sasthram / (Record no. 10927)
[ view plain ]
| 000 -LEADER | |
|---|---|
| fixed length control field | 00748cam a2200313ua 4500 |
| 041 ## - LANGUAGE CODE | |
| Language code of text/sound track or separate title | mal |
| 082 ## - DEWEY DECIMAL CLASSIFICATION NUMBER | |
| Classification number | 633 |
| Item number | GOP/VI |
| 100 ## - MAIN ENTRY--AUTHOR NAME | |
| Personal name | Gopimony, R . |
| 245 ## - TITLE STATEMENT | |
| Title | Vila sasya sasthram / |
| 250 ## - EDITION STATEMENT | |
| Edition statement | 1 / |
| 260 ## - PUBLICATION, DISTRIBUTION, ETC. (IMPRINT) | |
| Place of publication | Thiruvananthapuram : |
| Name of publisher | State Instititute of Languages , |
| Year of publication | 1973. |
| 300 ## - PHYSICAL DESCRIPTION | |
| Number of Pages | 292 ; . |
| 700 1# - ADDED ENTRY--PERSONAL NAME | |
| Personal name | Kothari, N M . |
| 942 ## - ADDED ENTRY ELEMENTS (KOHA) | |
| Koha item type | Books |
| Withdrawn status | Lost status | Damaged status | Home library | Current library | Date acquired | Full call number | Accession Number | Koha item type |
|---|---|---|---|---|---|---|---|---|
| KAUAET | KAUAET | 07/04/2012 | 633 | 13982 | ||||
| KAUAET | KAUAET | 07/04/2012 | 633 | 13671 | Books | |||
| KAUAET | KAUAET | 07/04/2012 | 633 | 13976 | Books | |||
| KAUAET | KAUAET | 07/04/2012 | 633 | 13979 | Books | |||
| KAUAET | KAUAET | 07/04/2012 | 633 | 13978 | Books | |||
| KAUAET | KAUAET | 07/04/2012 | 633 | 13983 | Books | |||
| KAUAET | KAUAET | 07/04/2012 | 633 | 13975 | Books | |||
| KAUAET | KAUAET | 07/04/2012 | 633 | 13977 | Books | |||
| KAUAET | KAUAET | 07/04/2012 | 633 | 13980 | Books | |||
| KAUAET | KAUAET | 07/04/2012 | 633 | 13160 | Books | |||
| Withdrawn | KAUAET | KAUAET | 07/04/2012 | 633 | 13974 | Books | ||
| Withdrawn | KAUAET | KAUAET | 16/11/2023 | 633 GOP/VI | 13670 | Books | ||
| Withdrawn | KAUAET | KAUAET | 16/11/2023 | 633 GOP/VI | 13672 | Books | ||
| Withdrawn | KAUAET | KAUAET | 16/11/2023 | 633 GOP/VI | 13673 | Books | ||
| KAUAET | KAUAET | 16/11/2023 | 633 GOP/VI | 13981 | Books |
